Opportunities in technical communication / (Record no. 62511)
[ view plain ]
| 000 -LEADER | |
|---|---|
| fixed length control field | 00772nam a2200253 a 4500 |
| 001 - CONTROL NUMBER | |
| control field | 62511 |
| 003 - CONTROL NUMBER IDENTIFIER | |
| rucl marc code | BD-RjUL |
| 005 - DATE AND TIME OF LATEST TRANSACTION | |
| control field | 20211209081108.0 |
| 008 - FIXED-LENGTH DATA ELEMENTS--GENERAL INFORMATION | |
| fixed length control field | 170124s1980 iluaf b 000 0 eng |
| 035 ## - SYSTEM CONTROL NUMBER | |
| System control number | (BD-RjUL)62637 |
| 040 ## - CATALOGING SOURCE | |
| Original cataloging agency | DLC |
| Transcribing agency | DLC |
| Modifying agency | BD-RjUL |
| Language of cataloging | eng |
| 041 ## - LANGUAGE CODE | |
| Language code of text/sound track or separate title | eng |
| 082 00 - DEWEY DECIMAL CLASSIFICATION NUMBER | |
| Classification number | 302.2 |
| Edition number | 23 |
| Author mark and year | GOO 1980 |
| 100 1# - MAIN ENTRY--PERSONAL NAME | |
| Personal name | Gould, Jay Reid. |
| 9 (RLIN) | 185839 |
| 245 10 - TITLE STATEMENT | |
| Title | Opportunities in technical communication / |
| Statement of responsibility, etc. | Jay R. Gould, Wayne A. Losano. |
| 260 ## - PUBLICATION, DISTRIBUTION, ETC. (IMPRINT) | |
| Place of publication, distribution, etc. | Skokie, Ill. : |
| Name of publisher, distributor, etc. | VGM Career Horizons, |
| Date of publication, distribution, etc. | c1980. |
| 300 ## - PHYSICAL DESCRIPTION | |
| Pagination | viii, 148 p. : |
| Illustrations | ill. ; |
| Size | 21 cm. |
| 490 0# - SERIES STATEMENT | |
| Series statement | VGM Career Horizons series |
| 504 ## - BIBLIOGRAPHY, ETC. NOTE | |
| Bibliography, etc | Bibliography: p. 143-148. |
| 650 ## - SUBJECT ADDED ENTRY--TOPICAL TERM | |
| Topical term or geographic name as entry element | communication |
| 9 (RLIN) | 170326 |
| 700 1# - ADDED ENTRY--PERSONAL NAME | |
| Personal name | Losano, Wayne A., |
| Relator term | joint author. |
| 942 ## - ADDED ENTRY ELEMENTS (KOHA) | |
| Source of classification or shelving scheme | Dewey Decimal Classification |
| Koha item type | Books |
| Lost status | Source of classification or shelving scheme | Damaged status | Not for loan | Collection code | Permanent Location | Current Location | Shelving location | Date acquired | Source of acquisition | Total Checkouts | Full call number | Date last seen | Copy number | Koha item type |
|---|---|---|---|---|---|---|---|---|---|---|---|---|---|---|
| Dewey Decimal Classification | Not For Loan | Non-fiction | Central Library, University of Rajshahi | Central Library, University of Rajshahi | Reading Room | 07/04/1991 | Canada | 302.2 GOO 1980 | 24/01/2017 | C-1 | Books |